FACTORS INFLUENCING BITUMINOUS LAYERS RUTTING

Bibliographic Details
Main Author: Gavulová, Andrea (Author)
Format: Article
Language:German
ISBN:8071006211

MARC

LEADER 00000naa a2200000uu 4500
001 vtls010931079
003 SK-MaSNL
005 20260302131201.0
008 210906|1999 xo |||||||||||||||||ger|
015 |a SNBRA 
035 |a (urnnbn)urn:nbn:sk:snk:ar-a0b3us 
035 |a (uuid)726c516a-baa5-4a11-836d-fe1ef0e18237 
035 |a urn:nbn:sk:snk-aatwcr 
040 |a SNKBUCL  |b slo  |c SNKBUCL  |e AACR2 
041 0 |a ger 
044 |a xo  |c SK 
100 1 |a Gavulová, Andrea  |4 aut  |9 13762 
245 1 0 |a FACTORS INFLUENCING BITUMINOUS LAYERS RUTTING  |c Andrea Gavulová 
773 0 |t TRANSCOM '99  |d Žilina : University of Žilina, 1999, 1999  |g S. 97-100  |z 8071006211 
958 |a OND 
958 |a article11 
958 |a chapter 
999 |c 1304313  |d 1306243